Normal view
MARC view
- بن خالوية، أبي عبدالله الحسين بن أحمد 370 هجري مؤلف؛ أحمد فريد المزيري تحقيق / فتحي حجازي مقدم
Entry Personal Name
001 - CONTROL NUMBER
- control field: 58549
003 - CONTROL NUMBER IDENTIFIER
- control field: JO-AjAnu
005 - DATE AND TIME OF LATEST TRANSACTION
- control field: 20230606083600.0
008 - FIXED-LENGTH DATA ELEMENTS
- fixed length control field: 230606|| aca||aabn | a|a d
040 ## - CATALOGING SOURCE
- Original cataloging agency: JO-AjAnu
- Transcribing agency: JO-AjAnu
100 ## - HEADING--PERSONAL NAME
- Personal name: بن خالوية، أبي عبدالله الحسين بن أحمد 370 هجري مؤلف؛ أحمد فريد المزيري تحقيق / فتحي حجازي مقدم
670 ## - SOURCE DATA FOUND
- Source citation: Work cat.: (JO-AjAnu)29866: بن خالوية، أبي عبدالله الحسين بن أحمد 370 هجري مؤلف؛ أحمد فريد المزيري تحقيق / فتحي حجازي مقدم, author, الحجة في القراءات السبع